Las bibliotecas públicas provinciales : 1835-1885 : un intento de promoción de la lectura en España (Record no. 63329)

MARC details
000 -CABECERA
campo de control de longitud fija 00609nam a2200205 a 4500
005 - FECHA Y HORA DE LA ÚLTIMA TRANSACCIÓN
campo de control 20210219152909.0
008 - ELEMENTOS DE LONGITUD FIJA--INFORMACIÓN GENERAL
campo de control de longitud fija 991125n 000 0 spa u
035 ## - NÚMERO DE CONTROL DEL SISTEMA
Número de control de sistema UPN01000066149
100 1# - ASIENTO PRINCIPAL--NOMBRE PERSONAL
Nombre de persona Bartolomé Martínez, Bernabé
222 ## - TÍTULO CLAVE
Título clave REVISTA DE EDUCACION
245 ## - MENCIÓN DE TÍTULO
Título Las bibliotecas públicas provinciales : 1835-1885 : un intento de promoción de la lectura en España
300 ## - DESCRIPCIÓN FÍSICA
Extensión 271-304
362 0# - FECHAS DE PUBLICACIÓN Y/O DESIGNACIÓN SECUENCIAL
Fecha de publicación y/o designación secuencial 1989 No. 288 ene.-abr.
653 #0 - TERMINO DE INDIZACION - NO CONTROLADO
Término no controlado BIBLIOTECAS PUBLICAS
653 0# - TERMINO DE INDIZACION - NO CONTROLADO
Término no controlado ESPAÑA
653 0# - TERMINO DE INDIZACION - NO CONTROLADO
Término no controlado FOMENTO A LA LECTURA
653 0# - TERMINO DE INDIZACION - NO CONTROLADO
Término no controlado HISTORIA
904 ## - ELEMENTOS DE DATOS D LOCAL, LDD (RLIN)
a AC
b 003960
905 ## - TIPO DE MATERIAL
Tipo de material Articulo

No items available.